000 00845nam a2200253 a 4500
001 45512
003 BD-RjUL
005 20211209054027.0
008 860101s1956 ne a b 000 0 eng d
035 _a(BD-RjUL)45630
040 _aDLC
_cFQG
_dOCL
_dNRC
_dUKM
_dBD-RjUL
_beng
041 _aeng
082 _a338.954
_bNAS 1956
100 1 _aNarasimham, N. V. A.
_q(Nuti Venkata Appala)
_9139322
245 1 2 _aA short term planning model for India /
_cby N.V.A. Narasimham.
260 _aAmsterdam :
_bNorth-Holland,
_c1956.
300 _axiii, 93 p. :
_bill. ;
_c22 cm.
490 1 _aContributions to economic analysis ;
_v12
504 _aIncludes bibliographical references.
651 0 _aIndia
_xEconomic policy
_y1956-1961.
_9139323
830 0 _aContributions to economic analysis ;
_v12
_9139332
942 _2ddc
_cBK
999 _c45512
_d45512